| 000 | 00632nam a2200193 a 4500 | ||
|---|---|---|---|
| 008 | 120416s1991 ||||||||||||||||| || u | ||
| 020 | _a0256081131 | ||
| 050 | _aHF 5549 Bya | ||
| 100 | _aByars, Lloyd L | ||
| 245 | 1 | 0 | _aHuman resource management. (3rd ed.) |
| 250 | _a3rd ed. | ||
| 260 |
_aHomewood, Ill.: _bIrwin _c1991 |
||
| 300 | _axiv, 545p. : ill. | ||
| 350 | _a0.00 | ||
| 650 | 0 | _aPERSONNEL MANAGEMENT | |
| 650 | _aHUMAN RESOURCES MANAGEMENT | ||
| 650 | 0 | _aMANAGEMENT | |
| 995 |
_D0.00 _FCBU-MAIN LIBRARY (Kitwe) _H1 _I45.95 _M1 _UDAMAGED _ZMain Library Open Access Collection |
||
| 999 |
_c45938 _d45938 |
||